000 00721nam a22002057a 4500
008 240318s2023 xxk|||||r|||| 00| 0aeng d
020 _a9798392668809
041 _aeng
082 _a920 ROE
100 _aRoebuck, David
245 _aYour phone, my mast
_btwenty five years in the telecoms cast
260 _bIndependently published,
_c2023
300 _a66p.
520 _aReflection of twenty five years in the rapidly changing world of telecoms, the highs and lows, the amusing to the ridiculous, from the early days of a brighter future to the reality of 5G, AI and beyond.
650 _aBIOGRAPHY
650 _aTELECOMMUNICATIONS
651 _aUnited Kingdom
700 _aRoebuck, David
942 _n0
999 _c121858
_d121858